000 00302nam a2200133Ia 4500
100 _aHill/ F.J./ Peterson/ G.R.
942 _cBK
654 _adigital
245 _aDigital logic Microprocessors
260 _bJohn Wiley
_aNew York
_c1984
082 _a4.16
_bPAN
300 _a448
546 _aENGLISH
999 _c24445
_d24445